By the King and Queen, a proclamation concerning colours to be worn on board ships.

Bibliographic Details
Corporate Author: England and Wales. Sovereign (1689-1694 : William and Mary)
Other Authors: Mary II, Queen of England, 1662-1694, William III, King of England, 1650-1702
Format: Microform Book
Language:English
Series:Early English books, 1641-1700 ; 1602:51.
Subjects:

MARC

Tag First Indicator Second Indicator Subfields
LEADER 00000cam a2200000 a 4500
001 in00000950697
005 20150925141729.0
007 hd afb017baca
007 hd bfb017baaa
008 870727r19841694miu a 00010 eng d
035 |a (OCoLC)16287533 
035 |9 AES6438AM 
037 |a CL0037000057  |b University Microfilms International 
037 |b University Microfilms International, 300 N. Zeeb Rd., Ann Arbor, Mich. 48106. 
040 |a EAE  |c EAE  |d UtOrBLW 
043 |a e-uk--- 
045 2 |b d1689  |b d1702 
049 |a TXAI 
090 |a DA86.62  |b .E53 1694 
099 |a film   |a  B   |a  3609 
110 1 |a England and Wales.  |b Sovereign (1689-1694 : William and Mary) 
245 1 0 |a By the King and Queen, a proclamation concerning colours to be worn on board ships. 
264 3 |a London :  |b Printed by Charles Bill and the executrix of Thomas Newcomb deceas'd ...,  |c M DC XCIV [1694] 
300 |a 1 broadside. 
336 |a text  |b txt  |2 rdacontent 
337 |a microform  |b h  |2 rdamedia 
338 |a microfilm reel  |b hd  |2 rdacarrier 
500 |a "Given at our court at Whitehall, the twelfth day of July, 1694, in the sixth year of our reign." 
500 |a Reproduction of original in the Harvard University Library. 
510 4 |a Wing  |c W2558 
533 |a Microfilm.  |b Ann Arbor, Mich. :  |c University Microfilms International,  |d 1984.  |e 1 microfilm reel ; 35 mm.  |f (Early English books, 1641-1700 : 1602:51) 
500 |a Microform. 
651 0 |a Great Britain  |x History, Naval  |y Stuarts, 1603-1714. 
651 0 |a Great Britain  |x History  |y William and Mary, 1689-1702. 
700 0 |a Mary  |b II,  |c Queen of England,  |d 1662-1694. 
700 0 |a William  |b III,  |c King of England,  |d 1650-1702. 
740 2 |a A proclamation concerning colours to be worn on board ships. 
830 0 |a Early English books, 1641-1700 ;  |v 1602:51. 
999 |a MARS 
999 f f |s c0aee84f-d1b7-3220-a6cf-74c66987899d  |i 4cb103ad-f99f-3906-98b8-0c960faea21a  |t 0 
952 f f |p default  |a Texas A&M University  |b College Station  |c Sterling C. Evans Library  |d Evans: Microforms (3rd floor)  |t 0  |e film B 3609 1602:51  |h Other scheme  |i microform -- microfilm reel 
998 f f |a film B 3609 1602:51  |t 0  |l Evans: Microforms (3rd floor)